000 00877nam a2200313 a 4500
003 AR-BaBNM
005 20251128203005.0
008 082120s2002 ||||||||||||||000 | spa||
040 _cAR-BaBNM
100 1 _aPrayones, Eduardo Raúl
245 0 0 _aNociones de derecho civil
_bderecho de familia
260 _aBuenos Aires
_bAbeledo-Perrot
_c1949
300 _axvii, 337 p.
500 _aIndice al final de la obra
650 4 _aDERECHO CIVIL
650 4 _aDERECHO DE FAMILIA
650 4 _aMATRIMONIO
650 4 _aDIVORCIO
650 4 _aTUTELA DE MENORES
650 4 _aJURISPRUDENCIA
650 4 _aLEGISLACION ARGENTINA
650 4 _aDERECHO MATRIMONIAL
653 _aFILIACION
700 1 _aPodestá Costa, Luis A.
_ecompilador
700 1 _aPestalardo, Agustín
_eprologuista
700 1 _aTorino, Enrique
_eprologuista
942 _cBK
998 _cAndrea
999 _c1400
_d1400